UK Towns Quiz - East Riding of Yorkshire - Statistics

General Stats
  • This quiz has been taken 173 times
  • The average score is 15 of 51
Answer Stats
Clue Population Towns % Correct
H 323,634 Hull
99%
B 20,927 Beverley
88%
B 34,858 Bridlington
80%
G 20,173 Goole
67%
H 8,787 Hornsea
61%
D 13,218 Driffield
58%
C 14,423 Cottingham
57%
H 15,485 Hessle
55%
W 5,766 Withernsea
55%
P 10,123 Pocklington
47%
H 4,571 Howden
45%
M 7,459 Market Weighton
43%
B 13,331 Brough
42%
H 8,121 Hedon
39%
W 19,261 Willerby
36%
N 3,964 North Ferriby
32%
S 3,961 Swanland
32%
S 4,818 South Cave
30%
L 2,346 Leven
29%
W 1,831 Walkington
28%
N 1,359 North Cave
26%
G 3,027 Gilberdyke
24%
P 1,463 Patrington
24%
H 2,541 Holme
22%
S 3,554 Snaith
22%
B 3,659 Bilton
21%
B 2,012 Bishop Burton
21%
S 4,483 Stamford Bridge
21%
H 1,960 Hutton Cranswick
20%
N 2,536 Nafferton
20%
B 1,335 Brandesburton
18%
F 1,866 Flamborough
18%
L 2,210 Leconfield
18%
B 1,026 Bempton
17%
B 1,092 Beeford
16%
S 1,044 Skidby
16%
S 1,670 Skirlaugh
16%
T 1,387 Tickton
16%
E 1,150 Eastrington
14%
P 2,124 Preston
14%
T 2,816 Thorngumbald
13%
A 1,279 Aldbrough
12%
N 1,138 North Newbald
12%
R 1,576 Rawcliffe
12%
W 1,022 Wawne
12%
W 1,385 Woodmansey
12%
B 1,859 Burstwick
11%
H 1,477 Hook
11%
K 2,028 Keyingham
11%
S 1,210 Sproatley
11%
W 2,018 Wilberfoss
9%
No matching quizzes found
Score Distribution
Percent of People with Each Score
Percentile by Number Answered
Your Score History
You have not taken this quiz